Country Flags in C - Statistics

General Stats
  • This quiz has been taken 20 times
  • The average score is 15 of 17
Answer Stats
Picture Answer % Correct
Canada
100%
China
100%
Croatia
100%
Cambodia
94%
Chile
94%
Cuba
94%
Cyprus
94%
Czechia
94%
Cameroon
89%
Chad
89%
Colombia
89%
Central African Republic
83%
Costa Rica
83%
Côte d'Ivoire
83%
Cabo Verde
78%
Comoros
78%
Congo
72%
No matching quizzes found
Score Distribution
Percent of People with Each Score
Percentile by Number Answered
Your Score History
You have not taken this quiz